| 000 | 00561cam a22002171 4500 | ||
|---|---|---|---|
| 001 | sa 66000182 | ||
| 003 | DLC | ||
| 005 | 20260227112213.0 | ||
| 008 | 881028s1965 xx 000 0 beno | ||
| 010 | _asa 66000182 | ||
| 035 | _a(OCoLC)23570357 | ||
| 040 |
_aDLC _cMiU _dDLC |
||
| 042 | _apremarc | ||
| 050 | 0 | 0 |
_aPK1718.S477 _bK3 |
| 100 | 1 |
_aSenagupta, Acintyakumāra, _d1903-1976. |
|
| 245 | 1 | 0 | _aKallola yuga. |
| 260 | _c[1965] | ||
| 300 |
_a301 p. _c23 cm. |
||
| 500 | _aRomanized. | ||
| 650 | 0 |
_aAuthors, Bengali _xCorrespondence, reminiscences, etc. |
|
| 999 |
_c67096 _d67096 |
||